00000000nam 2200000zi 4500
0019.948325
003CaOODSP
00520250310164956
006m     o  d f      
007cr cn|||||||||
008250224t20252025qucdab  ob   f000 0 fre d
020 |a9780660759340
040 |aCaOODSP|bfre|erda|cCaOODSP
043 |an-cn---
0861 |aEn4-73/1-2025F-PDF
24500|aDeuxième communication du Canada sur l'adaptation.
264 1|aGatineau (Québec) : |bEnvironnement et changement climatique Canada = Environment and Climate Change Canada, |c[2025]
264 4|c©2025
300 |a1 ressource en ligne (68 pages non numérotées) : |bcartes, graphiques, illustrations
336 |atexte|btxt|2rdacontent/fre
337 |ainformatique|bc|2rdamedia/fre
338 |aressource en ligne|bcr|2rdacarrier/fre
500 |aPublié aussi en français sous le titre : Canada's second adaptation communication.
500 |a« Ce document est soumis conformément aux paragraphes 10 et 11 de l’articles 7 de l’Accord de Paris et a la décision 9/CMA.1. »
500 |a« Ce document est un extrait des chapitres 3 et 4 du premier rapport biennal de transparence du Canada (publié en décembre 2024). »
504 |aComprend des références bibliographiques.
650 6|aClimat|xChangements|xAtténuation|xPolitique gouvernementale|zCanada.
650 6|aGaz à effet de serre|xRéduction|xPolitique gouvernementale|zCanada.
650 6|aEnvironnement (Droit international)
7101 |aCanada. |bEnvironnement et changement climatique Canada, |eorganisme de publication.
77508|tCanada's second adaptation communication.|w(CaOODSP)9.948323
795 |tCommunication sur l'adaptation du Canada à la Convention-cadre des Nations Unies sur les changements climatiques.|w(CaOODSP)9.901154
85640|qPDF|s2.11 Mo|uhttps://publications.gc.ca/collections/collection_2025/eccc/en4/En4-73-1-2025-fra.pdf
986 |aEC24197